Grassroots with readings : (Record no. 9537)
[ view plain ]
| 000 -LEADER | |
|---|---|
| fixed length control field | 01057cam a2200265 a 4500 |
| 001 - CONTROL NUMBER | |
| control field | 13734418 |
| 005 - DATE AND TIME OF LATEST TRANSACTION | |
| control field | 20260422171844.0 |
| 008 - FIXED-LENGTH DATA ELEMENTS--GENERAL INFORMATION | |
| fixed length control field | 040928s2006 maua 001 0 eng d |
| 020 ## - INTERNATIONAL STANDARD BOOK NUMBER | |
| International Standard Book Number | 0618508538 |
| 020 ## - INTERNATIONAL STANDARD BOOK NUMBER | |
| International Standard Book Number | 9780618508532 |
| 050 00 - LIBRARY OF CONGRESS CALL NUMBER | |
| Classification number | PE1417 |
| Item number | .F379 2006 |
| 100 1# - MAIN ENTRY--PERSONAL NAME | |
| Personal name | Fawcett, Susan. |
| 245 10 - TITLE STATEMENT | |
| Title | Grassroots with readings : |
| Remainder of title | the writer's workbook / |
| Statement of responsibility, etc. | Susan Fawcett. |
| 250 ## - EDITION STATEMENT | |
| Edition statement | 8th ed. |
| 260 ## - PUBLICATION, DISTRIBUTION, ETC. | |
| Place of publication, distribution, etc. | Boston : |
| Name of publisher, distributor, etc. | Houghton Mifflin, |
| Date of publication, distribution, etc. | c2006. |
| 300 ## - PHYSICAL DESCRIPTION | |
| Extent | xxxi, 448 p. : |
| Other physical details | col. ill. ; |
| Dimensions | 28 cm. |
| 500 ## - GENERAL NOTE | |
| General note | Includes index. |
| 650 #0 - SUBJECT ADDED ENTRY--TOPICAL TERM | |
| Topical term or geographic name entry element | College readers. |
| 650 #0 - SUBJECT ADDED ENTRY--TOPICAL TERM | |
| Topical term or geographic name entry element | English language |
| General subdivision | Rhetoric |
| Form subdivision | Problems, exercises, etc. |
| 650 #0 - SUBJECT ADDED ENTRY--TOPICAL TERM | |
| Topical term or geographic name entry element | English language |
| General subdivision | Grammar |
| Form subdivision | Problems, exercises, etc. |
| 856 42 - ELECTRONIC LOCATION AND ACCESS | |
| Materials specified | Contributor biographical information |
| Uniform Resource Identifier | <a href="http://www.loc.gov/catdir/enhancements/fy1104/2004114278-b.html">http://www.loc.gov/catdir/enhancements/fy1104/2004114278-b.html</a> |
| 856 42 - ELECTRONIC LOCATION AND ACCESS | |
| Materials specified | Publisher description |
| Uniform Resource Identifier | <a href="http://www.loc.gov/catdir/enhancements/fy1104/2004114278-d.html">http://www.loc.gov/catdir/enhancements/fy1104/2004114278-d.html</a> |
| 856 41 - ELECTRONIC LOCATION AND ACCESS | |
| Materials specified | Table of contents only |
| Uniform Resource Identifier | <a href="http://www.loc.gov/catdir/enhancements/fy1215/2004114278-t.html">http://www.loc.gov/catdir/enhancements/fy1215/2004114278-t.html</a> |
| 942 ## - ADDED ENTRY ELEMENTS (KOHA) | |
| Source of classification or shelving scheme | Library of Congress Classification |
| Koha item type | Books |
| Edition | 8th Ed. |
| Suppress in OPAC | No |
| 999 ## - | |
| -- | 9537 |
| -- | 9537 |
| Withdrawn status | Lost status | Source of classification or shelving scheme | Damaged status | Not for loan | Collection | Home library | Current library | Shelving location | Date acquired | Total checkouts | Full call number | Barcode | Date last seen | Copy number | Price effective from | Koha item type |
|---|---|---|---|---|---|---|---|---|---|---|---|---|---|---|---|---|
| Library of Congress Classification | Non-fiction | Business Library (Miotso) | Business Library (Miotso) | General stacks | 03/27/2026 | PE1417 .F379 2006 | BSSM00003465 | 04/22/2026 | 1 | 03/27/2026 | Books | |||||
| Library of Congress Classification | Non-fiction | Business Library (Miotso) | Business Library (Miotso) | General stacks | 03/27/2026 | PE1417 .F379 2006 | BSSM00003466 | 04/22/2026 | 2 | 03/27/2026 | Books | |||||
| Library of Congress Classification | Non-fiction | Business Library (Miotso) | Business Library (Miotso) | General stacks | 03/27/2026 | PE1417 .F379 2006 | BSSM00003467 | 04/22/2026 | 3 | 03/27/2026 | Books |